000 00342nam a2200145Ia 4500
008 210210b1987 xxu||||| |||| 00| 0 eng d
020 _a0 85226 564 6
082 _a519.2 MEDS
100 _aMEDHI (J).
245 _aStochastic processes.
260 _aND
_bW E
_c1987
300 _a387
690 _aMathematical Statistics
906 _a041625
999 _c91757
_d91757